000 00738nam a2200229 4500
003 OSt
005 20240702064234.0
006 a
008 240702b |||||||| |||| 00| 0 eng d
020 _a9780813344140
040 _aDWCL-Main lib.
_cOC
082 _2Third edition
_aCirc. 320.3095 C481c 2010
100 _aCharlton, Sue Ellen M.
245 _aComparing Asian politics: India, China, and Japan /
250 _aThird edition
260 _bWestview Press,
_cc2010.
300 _axx,
_b379.:b & w ill. ;
_c23 cm.
504 _aincludes bibliographical reference & index.
650 _a1. Asia-Politics and government-Case Study.
650 _a2. India-Politics and government.
942 _2ddc
_n0
_cBK-CIRC
_eThird edition
_kCirc.
999 _c1804
_d1804